Biggest Cities in Ireland on a Map - Statistics

General Stats
  • This quiz has been taken 393 times
  • The average score is 9 of 20
Answers on the Map
Answers color-coded by a green-red scale on the quiz's map according to % correct below.
 
Answer Stats
Pop City % Correct
553 K Dublin
100%
125 K Cork
97%
79.5 K Galway
87%
58.3 K Limerick
86%
48.3 K Waterford
74%
17.3 K Sligo
54%
20.1 K Wexford
54%
32.2 K Dundalk
45%
29.4 K Drogheda
42%
20.8 K Tralee
35%
27.7 K Bray
34%
14.0 K Killarney
34%
16.0 K Letterkenny
34%
20.4 K Ennis
31%
15.6 K Athlone
29%
28.3 K Navan
28%
14.4 K Carlow
27%
21.4 K Naas
27%
14.3 K Clonmel
17%
15.4 K Leixlip
13%
No matching quizzes found
Score Distribution
Percent of People with Each Score
Percentile by Number Answered
Your Score History
You have not taken this quiz